000 00716nam a2200289 a 4500
001 31069
003 AR-BaAGN
005 20231223062714.0
007 ta
008 220625s1995 ag |||||r|||| ||||||spa d
020 _a950-9829-64-1
040 _dAR-BaAGN
_aAR-BaAGN
_bspa
_eaacr
100 1 _aNirenberg, Iankl
245 1 0 _aMemorias del gueto de Lodz
250 _a1ª ed.
260 _aBuenos Aires :
_bMilá,
_c1995.
300 _a114 páginas
336 _2rdacontent
_btxt
337 _2rdamedia
_bn
338 _2rdacarrier
_bnc
650 4 _aDERECHOS HUMANOS
_91641
942 _cLIBRO
999 _c31069
_d31069